WWE WrestleMania 22 Match Card - Statistics

General Stats
  • This quiz has been taken 47 times
  • The average score is 32 of 48
Answer Stats
Match type Wrestler % Correct
Tag team Kane
100%
Casket The Undertaker
100%
Hardcore Edge
95%
Singles John Cena
95%
Money in the Bank Ric Flair
95%
No Holds Barred Shawn Michaels
95%
Singles Triple H
95%
Hardcore Mick Foley
90%
Triple threat Randy Orton
90%
Triple threat Rey Mysterio
90%
Triple threat Kurt Angle
85%
Money in the Bank Matt Hardy
85%
Tag team Big Show
80%
Intergender Handicap Booker T
80%
Singles Chris Benoit
80%
Casket Mark Henry
80%
No Holds Barred Mr. McMahon
80%
Money in the Bank Rob Van Dam
80%
Playboy pillow Torrie Wilson
80%
Money in the Bank Bobby Lashley
75%
Playboy pillow Candice Michelle
75%
Tag team Carlito
75%
Money in the Bank Finlay
75%
Singles John "Bradshaw" Layfield
75%
Intergender Handicap Queen Sharmell
75%
Money in the Bank Shelton Benjamin
75%
Intergender Handicap The Boogeyman
75%
Tag team Chris Masters
70%
Singles Mickie James
65%
Singles Trish Stratus
65%
Battle Royal Eugene
50%
Battle Royal William Regal
50%
Battle Royal Joey Mercury
45%
Battle Royal Johnny Nitro
45%
Battle Royal Lance Cade
45%
Battle Royal Rob Conway
45%
Battle Royal Snitsky
45%
Battle Royal Trevor Murdoch
45%
Battle Royal Goldust
40%
Battle Royal Matt Striker
40%
Battle Royal Psicosis
40%
Battle Royal Simon Dean
40%
Battle Royal Steven Richards
40%
Battle Royal Super Crazy
40%
Battle Royal Funaki
35%
Battle Royal The Road Warrior
35%
Battle Royal Viscera
35%
Battle Royal Tyson Tomko
30%
No matching quizzes found
Score Distribution
Percent of People with Each Score
Percentile by Number Answered
Your Score History
You have not taken this quiz